000 00462nam a2200181Ia 4500
003 GCL
008 140319s9999 xx 000 0 eng d
040 _aGCL /
_cGCL
082 0 4 _a873.01
_bK A
100 1 _aKENNEY, E. J.
245 1 0 _aA PULEIUS CUPID AND PSYCHE /
_cKENNEY, E. J.
260 _a[S.N] :
_bCAMBRIDGE UNIVERSITY PRESS ،
_c1990
300 _a246 P
650 0 4 _aLITERATURE
650 0 4 _aROME
650 0 4 _aROME - LITERATURE
942 _2ddc
_cBK
999 _c24397
_d24397